[Event "XLIX C.to Italiano"]
[Site "Chianciano Terme ITA"]
[Date "1989.04.??"]
[Round "1"]
[White "Arlandi, Ennio"]
[Black "Vancini, Edoardo"]
[Result "1-0"]
[WhiteElo "2390"]
[BlackElo "2245"]
[PlyCount "69"]
[EventDate "1989.04.01"]

1. d4 Nf6 2. c4 e5 3. dxe5 Ng4 4. Nf3 Nc6 5. a3 Ncxe5 6. Nxe5 Nxe5 7. e4 Qh4 8.
Nc3 Bc5 9. g3 Qf6 10. f4 c6 11. Be2 d6 12. fxe5 Bf2+ 13. Kd2 dxe5 14. Kc2 Bh3
15. Bf3 O-O 16. Qe2 Bd4 17. Bd2 Qd6 18. Bg4 Bxg4 19. Qxg4 Rfd8 20. Qe2 a6 21.
Rhd1 b5 22. cxb5 axb5 23. Be1 Rdb8 24. b4 Ra6 25. Bf2 Rba8 26. Bxd4 exd4 27.
Qd3 Rd8 28. Ne2 c5 29. Qxb5 Rb6 30. bxc5 Rc8 31. Qe8+ Qf8 32. Qxf8+ Kxf8 33.
Nxd4 Rxc5+ 34. Kd3 Rb2 35. Rd2 1-0

[Event "XLIX C.to Italiano"]
[Site "Chianciano Terme ITA"]
[Date "1989.04.??"]
[Round "1"]
[White "Bellia, Fabrizio"]
[Black "Pantaleoni, Claudio"]
[Result "1-0"]
[WhiteElo "2255"]
[BlackElo "2245"]
[PlyCount "75"]
[EventDate "1989.04.01"]

1. e4 c5 2. Nf3 d6 3. d4 cxd4 4. Nxd4 Nf6 5. Nc3 g6 6. g3 Nc6 7. Nde2 b6 8. Bg2
Ba6 9. O-O Rc8 10. Re1 Bg7 11. a4 O-O 12. Nb5 Bb7 13. Nec3 a6 14. Na3 Nd7 15.
Nd5 Re8 16. c3 e6 17. Ne3 Bf8 18. Nac4 Qc7 19. Qb3 b5 20. axb5 Nc5 21. Qd1 axb5
22. Na3 Ba6 23. Ng4 Be7 24. Bh6 b4 25. cxb4 Nxb4 26. Qd4 e5 27. Qxb4 Nd3 28.
Qd2 Nxe1 29. Rxe1 Rb8 30. Ne3 Qb7 31. Nd5 Bd8 32. b4 Qd7 33. Nc2 Qe6 34. Nce3
Bb6 35. Nxb6 Rxb6 36. Nd5 Rc6 37. Bg5 Rb8 38. Ne7+ 1-0

[Event "XLIX C.to Italiano"]
[Site "Chianciano Terme ITA"]
[Date "1989.04.??"]
[Round "1"]
[White "Borgo, Giulio"]
[Black "Sarno, Spartaco"]
[Result "1-0"]
[WhiteElo "2300"]
[BlackElo "2270"]
[PlyCount "69"]
[EventDate "1989.04.01"]

1. e4 d6 2. d4 Nf6 3. Nc3 g6 4. Nf3 Bg7 5. h3 O-O 6. Be3 c6 7. a4 Nbd7 8. a5 d5
9. exd5 Nxd5 10. Nxd5 cxd5 11. Be2 Nf6 12. O-O Ne4 13. c3 Qd6 14. Qc1 f6 15.
Bf4 e5 16. Bh2 Be6 17. Qe3 Rfe8 18. Rfd1 Qf8 19. dxe5 fxe5 20. Bb5 Re7 21. c4
Nd6 22. cxd5 Bxh3 23. gxh3 Nxb5 24. d6 Rf7 25. Nxe5 Bxe5 26. Qxe5 a6 27. Qd5
Rd8 28. Rd3 h6 29. Re1 Kh7 30. Re6 Rdd7 31. Qe4 Qg8 32. Re8 Rf8 33. Qe7+ Rxe7
34. Rxe7+ Qg7 35. Be5 1-0

[Event "XLIX C.to Italiano"]
[Site "Chianciano Terme ITA"]
[Date "1989.04.??"]
[Round "1"]
[White "Godena, Michele"]
[Black "Tatai, Stefano"]
[Result "1/2-1/2"]
[WhiteElo "2425"]
[BlackElo "2395"]
[PlyCount "42"]
[EventDate "1989.04.01"]

1. e4 e6 2. d4 d5 3. Nd2 Nf6 4. e5 Nfd7 5. Bd3 c5 6. c3 Nc6 7. Ne2 cxd4 8. cxd4
f6 9. exf6 Nxf6 10. Nf3 Bd6 11. O-O O-O 12. Bf4 Bxf4 13. Nxf4 Ne4 14. Qc1 Ng5
15. Nxg5 Qxg5 16. Ne2 Qf6 17. Qe3 Bd7 18. Rac1 Be8 19. Rfd1 Kh8 20. f3 a6 21.
Bc2 Rd8 1/2-1/2

[Event "XLIX C.to Italiano"]
[Site "Chianciano Terme ITA"]
[Date "1989.04.??"]
[Round "1"]
[White "Rossi, Carlo"]
[Black "Lanzani, Mario"]
[Result "1/2-1/2"]
[WhiteElo "2320"]
[BlackElo "2320"]
[PlyCount "20"]
[EventDate "1989.04.01"]

1. e4 e5 2. Nf3 Nc6 3. Be2 Nf6 4. d3 d5 5. Nbd2 Be7 6. c3 a5 7. b3 O-O 8. Bb2
Re8 9. a3 dxe4 10. dxe4 Nd7 1/2-1/2

[Event "XLIX C.to Italiano"]
[Site "Chianciano Terme ITA"]
[Date "1989.04.??"]
[Round "1"]
[White "Vallifuoco, Giacomo"]
[Black "Mantovani, Renzo"]
[Result "1/2-1/2"]
[WhiteElo "2345"]
[BlackElo "2370"]
[PlyCount "21"]
[EventDate "1989.04.01"]

1. d4 d5 2. c4 c6 3. Nc3 Nf6 4. e3 g6 5. Nf3 Bg7 6. Bd3 O-O 7. O-O Bg4 8. h3
Bxf3 9. Qxf3 e6 10. Rd1 Nbd7 11. Bf1 1/2-1/2

[Event "XLIX C.to Italiano"]
[Site "Chianciano Terme ITA"]
[Date "1989.04.??"]
[Round "2"]
[White "Borgo, Giulio"]
[Black "Belotti, Bruno"]
[Result "0-1"]
[WhiteElo "2300"]
[BlackElo "2350"]
[PlyCount "54"]
[EventDate "1989.04.01"]

1. e4 c5 2. Nf3 e6 3. d4 cxd4 4. Nxd4 Nf6 5. Nc3 d6 6. f4 a6 7. Be3 b5 8. Qf3
Bb7 9. Bd3 Nbd7 10. g4 b4 11. Nce2 Nc5 12. Ng3 Rc8 13. g5 Nfd7 14. O-O g6 15.
Qg4 Bg7 16. f5 exf5 17. exf5 O-O 18. f6 Re8 19. fxg7 Rxe3 20. Ndf5 Ne5 21. Nh6+
Kxg7 22. Nh5+ gxh5 23. Nf5+ Kh8 24. Qxh5 Ncxd3 25. Nxe3 Qb6 26. Qh3 Rxc2 27.
Rf6 Qc6 0-1

[Event "XLIX C.to Italiano"]
[Site "Chianciano Terme ITA"]
[Date "1989.04.??"]
[Round "2"]
[White "Lanzani, Mario"]
[Black "Arlandi, Ennio"]
[Result "1/2-1/2"]
[WhiteElo "2320"]
[BlackElo "2390"]
[PlyCount "29"]
[EventDate "1989.04.01"]

1. c4 e5 2. Nc3 d6 3. d4 exd4 4. Qxd4 Nc6 5. Qd2 Nf6 6. b3 g6 7. Bb2 Bg7 8. g3
O-O 9. Nh3 Bf5 10. Bg2 Nb4 11. O-O c6 12. Rad1 Ne8 13. Ne4 Bxb2 14. Qxb2 Qe7
15. Nc3 1/2-1/2

[Event "XLIX C.to Italiano"]
[Site "Chianciano Terme ITA"]
[Date "1989.04.??"]
[Round "2"]
[White "Mantovani, Renzo"]
[Black "Godena, Michele"]
[Result "1/2-1/2"]
[WhiteElo "2370"]
[BlackElo "2425"]
[PlyCount "35"]
[EventDate "1989.04.01"]

1. e4 e5 2. Nf3 Nc6 3. Bb5 f5 4. Nc3 fxe4 5. Nxe4 Nf6 6. Qe2 d5 7. Nxf6+ gxf6
8. d4 Bg7 9. dxe5 O-O 10. e6 Ne5 11. O-O c6 12. Bd3 Bxe6 13. Nd4 Bd7 14. Bf5
Re8 15. f4 Qb6 16. Qf2 Ng4 17. Bxg4 Bxg4 18. f5 1/2-1/2

[Event "XLIX C.to Italiano"]
[Site "Chianciano Terme ITA"]
[Date "1989.04.??"]
[Round "2"]
[White "Pantaleoni, Claudio"]
[Black "Vallifuoco, Giacomo"]
[Result "1/2-1/2"]
[WhiteElo "2245"]
[BlackElo "2345"]
[PlyCount "42"]
[EventDate "1989.04.01"]

1. c4 c6 2. d4 d5 3. Nf3 Nf6 4. Nc3 dxc4 5. e4 b5 6. e5 Nd5 7. a4 e6 8. axb5
Nxc3 9. bxc3 cxb5 10. Ng5 Bb7 11. Qh5 Qd7 12. Be2 h6 13. Bf3 g6 14. Qh3 Nc6 15.
Ne4 Be7 16. O-O a5 17. Rd1 b4 18. Qg3 Rd8 19. d5 exd5 20. Nd6+ Bxd6 21. exd6
Qxd6 1/2-1/2

[Event "XLIX C.to Italiano"]
[Site "Chianciano Terme ITA"]
[Date "1989.04.??"]
[Round "2"]
[White "Sarno, Spartaco"]
[Black "Vancini, Edoardo"]
[Result "1-0"]
[WhiteElo "2270"]
[BlackElo "2245"]
[PlyCount "67"]
[EventDate "1989.04.01"]

1. d4 Nf6 2. c4 e6 3. Nf3 b6 4. a3 Ba6 5. Qc2 Bb7 6. Nc3 c5 7. e4 cxd4 8. Nxd4
d6 9. Be2 Be7 10. O-O O-O 11. Be3 a6 12. Rfd1 Nbd7 13. Rac1 Qc7 14. f3 Rac8 15.
Qb3 Rfe8 16. Qa2 Qb8 17. Bf2 Bd8 18. b4 Bc7 19. g3 g5 20. Qd2 g4 21. f4 Qa8 22.
f5 Kh8 23. fxe6 fxe6 24. Rf1 Ne5 25. Nb3 Nxe4 26. Nxe4 Bxe4 27. Bd4 Rg8 28. c5
dxc5 29. bxc5 Rcd8 30. Rf7 Bh1 31. c6 Rg7 32. Rxc7 Nxc6 33. R1xc6 e5 34. Bxe5
1-0

[Event "XLIX C.to Italiano"]
[Site "Chianciano Terme ITA"]
[Date "1989.04.??"]
[Round "2"]
[White "Tatai, Stefano"]
[Black "Rossi, Carlo"]
[Result "1/2-1/2"]
[WhiteElo "2395"]
[BlackElo "2320"]
[PlyCount "58"]
[EventDate "1989.04.01"]

1. e4 c6 2. d4 d5 3. Nd2 g6 4. h3 Nf6 5. exd5 cxd5 6. Ngf3 Bg7 7. Bd3 O-O 8.
O-O Nc6 9. c3 Qd6 10. Re1 Nh5 11. Nb3 Nf4 12. Bf1 f6 13. Be3 g5 14. Qd2 Ng6 15.
Bd3 Rf7 16. Nh2 b6 17. Qc2 Nf8 18. Nf1 e5 19. dxe5 fxe5 20. Rad1 Qh6 21. Be2
Ne7 22. Ng3 Ne6 23. Bh5 Rf8 24. Rd2 Nf4 25. Qd1 Bb7 26. Bf3 Bc6 27. Nh5 Nxh5
28. Bxh5 Nf5 29. Bf3 Ne7 1/2-1/2

[Event "XLIX C.to Italiano"]
[Site "Chianciano Terme ITA"]
[Date "1989.04.??"]
[Round "2"]
[White "Vezzosi, Paolo"]
[Black "Bellia, Fabrizio"]
[Result "0-1"]
[WhiteElo "2340"]
[BlackElo "2255"]
[PlyCount "82"]
[EventDate "1989.04.01"]

1. d4 Nf6 2. c4 g6 3. Nf3 Bg7 4. g3 O-O 5. Bg2 d6 6. O-O Nbd7 7. Nc3 e5 8. h3
c6 9. e4 Qb6 10. d5 cxd5 11. cxd5 Nc5 12. Qe2 Qa6 13. Qe3 b5 14. b4 Na4 15.
Nxa4 Qxa4 16. Bd2 Bd7 17. Rfb1 Rfc8 18. Ne1 Rc4 19. Nd3 Qa6 20. Nb2 Rc2 21. Be1
Qb6 22. Qb3 Rac8 23. Rd1 Bh6 24. Rab1 Re2 25. Bf3 Rec2 26. Bg2 R8c3 27. Qxc3
Rxc3 28. Bxc3 Qc7 29. Rd3 Nh5 30. Re1 f5 31. exf5 Bxf5 32. Be4 Bxh3 33. Bd2
Bxd2 34. Rxd2 Qc3 35. Ree2 Nf6 36. Bh1 Bg4 37. Rc2 Qxb4 38. Re3 Bf5 39. Rce2
Qd4 40. Rb3 a6 41. Ra3 Qc5 0-1

[Event "XLIX C.to Italiano"]
[Site "Chianciano Terme ITA"]
[Date "1989.04.??"]
[Round "3"]
[White "Arlandi, Ennio"]
[Black "Tatai, Stefano"]
[Result "0-1"]
[WhiteElo "2390"]
[BlackElo "2395"]
[PlyCount "102"]
[EventDate "1989.04.01"]

1. d4 Nf6 2. c4 e6 3. Nc3 Bb4 4. Qc2 O-O 5. a3 Bxc3+ 6. Qxc3 Qe8 7. b4 d6 8.
Bb2 Nbd7 9. e3 a5 10. Bd3 Nb6 11. Qc2 Qa4 12. Qxa4 Nxa4 13. Bc1 axb4 14. axb4
Bd7 15. Ne2 b5 16. O-O bxc4 17. Bxc4 Nb6 18. Rxa8 Rxa8 19. Bd3 Nfd5 20. Bd2 Ra2
21. Be1 Rb2 22. Ng3 g6 23. Ne4 Kg7 24. h3 Nxb4 25. Bxb4 Rxb4 26. Rc1 Nd5 27.
Bc4 Bb5 28. Bxb5 Rxb5 29. Nc3 Nxc3 30. Rxc3 c5 31. dxc5 dxc5 32. f4 h5 33. Kf2
Kf6 34. g4 hxg4 35. hxg4 g5 36. Kf3 gxf4 37. Kxf4 Ke7 38. g5 Rb4+ 39. e4 Kd6
40. Rd3+ Kc6 41. Ke5 Rb7 42. g6 fxg6 43. Kxe6 c4 44. Rg3 Kc5 45. e5 Rb6+ 46.
Kf7 Kd5 47. Rc3 g5 48. Rc1 Kxe5 49. Rxc4 Kf5 50. Rc5+ Kf4 51. Rc4+ Kg3 0-1

[Event "XLIX C.to Italiano"]
[Site "Chianciano Terme ITA"]
[Date "1989.04.??"]
[Round "3"]
[White "Bellia, Fabrizio"]
[Black "Borgo, Giulio"]
[Result "1-0"]
[WhiteElo "2255"]
[BlackElo "2300"]
[PlyCount "61"]
[EventDate "1989.04.01"]

1. e4 c5 2. Nf3 Nc6 3. d4 cxd4 4. Nxd4 Nf6 5. Nc3 d6 6. Be2 e6 7. O-O Be7 8.
Be3 O-O 9. f4 a6 10. Kh1 Qc7 11. Qe1 Nxd4 12. Bxd4 b5 13. e5 Ne8 14. Bd3 Bb7
15. Ne4 Bd5 16. Qg3 dxe5 17. fxe5 Rd8 18. Qe3 Qb7 19. Rf2 Bc4 20. Nf6+ Bxf6 21.
exf6 Bxd3 22. fxg7 Nxg7 23. cxd3 f5 24. Be5 Qd7 25. d4 Rf7 26. Rc1 Qd5 27. Qg5
Rdf8 28. Rf3 f4 29. Rxf4 h6 30. Qxh6 Qd8 31. h3 $136 1-0

[Event "XLIX C.to Italiano"]
[Site "Chianciano Terme ITA"]
[Date "1989.04.??"]
[Round "3"]
[White "Belotti, Bruno"]
[Black "Sarno, Spartaco"]
[Result "1-0"]
[WhiteElo "2350"]
[BlackElo "2270"]
[PlyCount "81"]
[EventDate "1989.04.01"]

1. d4 Nf6 2. c4 g6 3. Nc3 Bg7 4. Nf3 O-O 5. Bg5 d6 6. e3 c6 7. Be2 a6 8. h3 b5
9. a3 bxc4 10. Bxc4 Nbd7 11. O-O c5 12. Rc1 Rb8 13. Qe2 Bb7 14. dxc5 Nxc5 15.
b4 Nce4 16. Nxe4 Nxe4 17. Bxa6 Bxa6 18. Qxa6 Ra8 19. Qb7 Nxg5 20. Nxg5 Rxa3 21.
Rc7 Rb3 22. Rfc1 Qb8 23. Qd5 Rb1 24. Rxb1 Qxc7 25. b5 e6 26. b6 Qd7 27. Qa5 Qb7
28. Rc1 Rb8 29. Qb5 Bf8 30. Rc7 Qxb6 31. Qd7 Qb1+ 32. Kh2 Qf5 33. Nxf7 Qf6 34.
Nh6+ Bxh6 35. Qxh7+ Kf8 36. Qxh6+ Kg8 37. Qh7+ Kf8 38. Qh6+ Kg8 39. Qh7+ Kf8
40. Rc4 e5 41. Rg4 1-0

[Event "XLIX C.to Italiano"]
[Site "Chianciano Terme ITA"]
[Date "1989.04.??"]
[Round "3"]
[White "Godena, Michele"]
[Black "Pantaleoni, Claudio"]
[Result "1/2-1/2"]
[WhiteElo "2425"]
[BlackElo "2245"]
[PlyCount "48"]
[EventDate "1989.04.01"]

1. e4 e5 2. Nf3 Nc6 3. d4 exd4 4. Nxd4 Nf6 5. Nxc6 bxc6 6. Qd4 d6 7. Nc3 Be7 8.
Bf4 O-O 9. O-O-O Ng4 10. Bg3 Bf6 11. Qd2 Qe7 12. h3 Ne5 13. f4 Nd7 14. Bf2 Nb6
15. Bd3 Rb8 16. b3 d5 17. e5 Qa3+ 18. Kb1 Be7 19. Qc1 Qa5 20. Ne2 Ba3 21. Be1
Qc5 22. Bf2 Qe7 23. Bh4 Qc5 24. Bf2 Qe7 1/2-1/2

[Event "XLIX C.to Italiano"]
[Site "Chianciano Terme ITA"]
[Date "1989.04.??"]
[Round "3"]
[White "Rossi, Carlo"]
[Black "Mantovani, Renzo"]
[Result "1/2-1/2"]
[WhiteElo "2320"]
[BlackElo "2370"]
[PlyCount "97"]
[EventDate "1989.04.01"]

1. e4 c5 2. Nf3 e6 3. d3 d5 4. Nbd2 Nf6 5. g3 Nc6 6. Bg2 Be7 7. O-O O-O 8. Re1
Qc7 9. exd5 Nxd5 10. a4 b6 11. Nc4 Bb7 12. Ng5 Rad8 13. c3 h6 14. Ne4 Rfe8 15.
Qh5 Nf6 16. Nxf6+ Bxf6 17. Be4 Na5 18. Nxa5 Bxe4 19. dxe4 bxa5 20. Be3 c4 21.
Qc5 Qxc5 22. Bxc5 Rd2 23. Rab1 Rb8 24. e5 Bd8 25. Re4 Bb6 26. Bxb6 axb6 27.
Rxc4 b5 28. Rc5 bxa4 29. Rxa5 Rbxb2 30. Rxb2 Rxb2 31. Rxa4 Re2 32. Ra5 Rc2 33.
Rc5 Kh7 34. Kg2 Kg6 35. Kf3 Kf5 36. h4 h5 37. Ke3 Rc1 38. Kd2 Ra1 39. Rc7 f6
40. Rxg7 Kxe5 41. Rd7 Ra2+ 42. Ke3 Rc2 43. Rc7 f5 44. Rc8 Rc1 45. Kd3 Rd1+ 46.
Ke2 Rc1 47. Kf3 Rc2 48. Kg2 Ke4 49. Rc4+ 1/2-1/2

[Event "XLIX C.to Italiano"]
[Site "Chianciano Terme ITA"]
[Date "1989.04.??"]
[Round "3"]
[White "Vancini, Edoardo"]
[Black "Lanzani, Mario"]
[Result "0-1"]
[WhiteElo "2245"]
[BlackElo "2320"]
[PlyCount "76"]
[EventDate "1989.04.01"]

1. e4 g6 2. d4 Bg7 3. c3 d5 4. exd5 Qxd5 5. Nf3 c5 6. Be2 cxd4 7. cxd4 Nh6 8.
Nc3 Qd8 9. O-O O-O 10. Bf4 Nf5 11. d5 Nd7 12. Qd2 Nb6 13. Rad1 Nd6 14. Rfe1 Bg4
15. h3 Nbc4 16. Qc1 Bxf3 17. Bxf3 Rc8 18. Rd3 b5 19. Qb1 a5 20. Bxd6 exd6 21.
Nxb5 Qb6 22. Na3 Ne5 23. Rb3 Nxf3+ 24. Rxf3 Qc5 25. Qd3 Bxb2 26. Nb5 Be5 27. g3
Qc2 28. Qxc2 Rxc2 29. Ra3 Rc5 30. Na7 Rxd5 31. Nc6 Rc5 32. Nxa5 Rxa5 33. Rxa5
Bc3 34. Rd1 Bxa5 35. Rxd6 Rb8 36. Kg2 Rb2 37. Ra6 Rxa2 38. Kf3 Ra3+ 0-1

[Event "XLIX C.to Italiano"]
[Site "Chianciano Terme ITA"]
[Date "1989.04.??"]
[Round "4"]
[White "Belotti, Bruno"]
[Black "Bellia, Fabrizio"]
[Result "1-0"]
[WhiteElo "2350"]
[BlackElo "2255"]
[PlyCount "61"]
[EventDate "1989.04.01"]

1. d4 Nf6 2. c4 g6 3. Nc3 Bg7 4. e4 O-O 5. Nf3 d6 6. Be2 e5 7. O-O Nbd7 8. Re1
c6 9. Bf1 Qb6 10. d5 cxd5 11. cxd5 Nc5 12. Nd2 a5 13. Nc4 Qd8 14. a4 Re8 15.
Rb1 Nh5 16. Be3 f5 17. Bxc5 dxc5 18. d6 Nf6 19. Nb5 Nxe4 20. Nc7 Bd7 21. Nxa8
Qxa8 22. Nb6 Qd8 23. Nxd7 Qxd7 24. Bb5 Qd8 25. Bxe8 Qxe8 26. d7 Qd8 27. Qd5+
Kh8 28. Rxe4 fxe4 29. Qf7 Bf6 30. Rd1 Bg5 31. g3 1-0

[Event "XLIX C.to Italiano"]
[Site "Chianciano Terme ITA"]
[Date "1989.04.??"]
[Round "4"]
[White "Borgo, Giulio"]
[Black "Vallifuoco, Giacomo"]
[Result "1/2-1/2"]
[WhiteElo "2300"]
[BlackElo "2345"]
[PlyCount "21"]
[EventDate "1989.04.01"]

1. e4 c5 2. Nf3 e6 3. d4 cxd4 4. Nxd4 Nf6 5. Nc3 d6 6. Be2 Be7 7. O-O a6 8. a4
Nc6 9. Be3 O-O 10. f4 Qc7 11. Bf3 1/2-1/2

[Event "XLIX C.to Italiano"]
[Site "Chianciano Terme ITA"]
[Date "1989.04.??"]
[Round "4"]
[White "Sarno, Spartaco"]
[Black "Lanzani, Mario"]
[Result "1/2-1/2"]
[WhiteElo "2270"]
[BlackElo "2320"]
[PlyCount "24"]
[EventDate "1989.04.01"]

1. d4 Nf6 2. Nf3 e6 3. c4 Bb4+ 4. Nbd2 b6 5. a3 Bxd2+ 6. Qxd2 O-O 7. e3 Bb7 8.
Be2 d5 9. b3 Nbd7 10. O-O c5 11. Bb2 Rc8 12. Rac1 Rc7 1/2-1/2

[Event "XLIX C.to Italiano"]
[Site "Chianciano Terme ITA"]
[Date "1989.04.??"]
[Round "4"]
[White "Tatai, Stefano"]
[Black "Vancini, Edoardo"]
[Result "1-0"]
[WhiteElo "2395"]
[BlackElo "2245"]
[PlyCount "45"]
[EventDate "1989.04.01"]

1. d4 Nf6 2. c4 e6 3. Nf3 d5 4. Nc3 Be7 5. Bg5 O-O 6. e3 Nbd7 7. Rc1 c6 8. Bd3
dxc4 9. Bxc4 Nd5 10. Bxe7 Qxe7 11. Ne4 N5f6 12. Ng3 e5 13. O-O exd4 14. Nxd4
Ne5 15. Bb3 c5 16. Ndf5 Qc7 17. f4 Ng6 18. Qc2 b6 19. Nxg7 Kxg7 20. Qc3 Bg4 21.
h3 Qe7 22. hxg4 Kg8 23. Nf5 1-0

[Event "XLIX C.to Italiano"]
[Site "Chianciano Terme ITA"]
[Date "1989.04.??"]
[Round "4"]
[White "Vezzosi, Paolo"]
[Black "Godena, Michele"]
[Result "1/2-1/2"]
[WhiteElo "2340"]
[BlackElo "2425"]
[PlyCount "82"]
[EventDate "1989.04.01"]

1. Nf3 Nf6 2. c4 e6 3. d4 d5 4. g3 Be7 5. Bg2 O-O 6. O-O dxc4 7. Na3 Bxa3 8.
bxa3 Bd7 9. Qc2 Bc6 10. Qxc4 Bd5 11. Qc3 Nc6 12. Rd1 Ne4 13. Qc2 Qf6 14. Be3
Nd6 15. Bf4 Bxf3 16. Bxf3 Nxd4 17. Qxc7 N6b5 18. Qe5 Nxf3+ 19. exf3 Nc3 20. Rd2
Qxe5 21. Bxe5 Nd5 22. Rc1 Rfc8 23. Rdc2 Rxc2 24. Rxc2 f6 25. Bb2 e5 26. h4 h5
27. Kf1 Kf7 28. Ke2 Ke6 29. Bc1 Rd8 30. Bd2 Rd6 31. Rb2 Rb6 32. Rb3 Rxb3 33.
axb3 Kf5 34. Kd3 g5 35. hxg5 fxg5 36. g4+ hxg4 37. fxg4+ Kxg4 38. Ke4 Nf4 39.
Be3 b6 40. a4 Ne6 41. Kxe5 Nc5 1/2-1/2

[Event "XLIX C.to Italiano"]
[Site "Chianciano Terme ITA"]
[Date "1989.04.??"]
[Round "5"]
[White "Arlandi, Ennio"]
[Black "Pantaleoni, Claudio"]
[Result "1-0"]
[WhiteElo "2390"]
[BlackElo "2245"]
[PlyCount "61"]
[EventDate "1989.04.01"]

1. d4 Nf6 2. c4 e6 3. Nc3 Bb4 4. Qc2 O-O 5. a3 Bxc3+ 6. Qxc3 b5 7. cxb5 c6 8.
e3 cxb5 9. Bxb5 Bb7 10. f3 Nc6 11. Ne2 Nd5 12. Qd3 Rc8 13. O-O Qb6 14. Bd2 a6
15. Ba4 f5 16. b4 Kh8 17. Kh1 Rcd8 18. e4 Nde7 19. Be3 d5 20. e5 Ng6 21. f4 Na7
22. Rfc1 Rc8 23. Rc5 Bc6 24. Nc3 Bb5 25. Nxb5 axb5 26. Bd1 Ne7 27. a4 bxa4 28.
Rxa4 Nac6 29. Qa3 Nd8 30. b5 Nb7 31. Rxc8 1-0

[Event "XLIX C.to Italiano"]
[Site "Chianciano Terme ITA"]
[Date "1989.04.??"]
[Round "5"]
[White "Bellia, Fabrizio"]
[Black "Sarno, Spartaco"]
[Result "1-0"]
[WhiteElo "2255"]
[BlackElo "2270"]
[PlyCount "47"]
[EventDate "1989.04.01"]

1. e4 e5 2. Bc4 Nc6 3. Nf3 Bc5 4. Nc3 Nf6 5. d3 O-O 6. Bg5 h6 7. Bxf6 Qxf6 8.
Nd5 Qd8 9. c3 a6 10. d4 exd4 11. cxd4 Ba7 12. Rc1 d6 13. h3 Re8 14. O-O Rxe4
15. Bd3 Re8 16. Bb1 g6 17. Qd2 Kg7 18. Rfe1 Rxe1+ 19. Rxe1 Nb8 20. Re7 Nc6 21.
Rxf7+ Kxf7 22. Qxh6 Ke6 23. Nf4+ Kd7 24. Bf5+ 1-0

[Event "XLIX C.to Italiano"]
[Site "Chianciano Terme ITA"]
[Date "1989.04.??"]
[Round "5"]
[White "Godena, Michele"]
[Black "Borgo, Giulio"]
[Result "1/2-1/2"]
[WhiteElo "2425"]
[BlackElo "2300"]
[PlyCount "74"]
[EventDate "1989.04.01"]

1. e4 Nf6 2. e5 Nd5 3. d4 d6 4. Nf3 g6 5. Bc4 c6 6. exd6 Qxd6 7. O-O Bg7 8.
Nbd2 O-O 9. Re1 Bg4 10. h3 Bxf3 11. Nxf3 b5 12. Bb3 Nd7 13. Bg5 e6 14. Qd2 Rfc8
15. Bh6 Qf8 16. Bxg7 Qxg7 17. a4 bxa4 18. Rxa4 N5b6 19. Ra5 c5 20. c3 cxd4 21.
Nxd4 Nc5 22. Ba2 Kh8 23. b4 Nb7 24. Rae5 Nd6 25. Nxe6 Ndc4 26. Bxc4 Nxc4 27.
Qf4 fxe6 28. Rxe6 Nb6 29. Re7 Nd5 30. Rxg7 Nxf4 31. Ree7 h5 32. Rh7+ Kg8 33.
Rhg7+ Kh8 34. Rh7+ Kg8 35. Reg7+ Kf8 36. Rf7+ Kg8 37. Rfg7+ Kf8 1/2-1/2

[Event "XLIX C.to Italiano"]
[Site "Chianciano Terme ITA"]
[Date "1989.04.??"]
[Round "5"]
[White "Lanzani, Mario"]
[Black "Tatai, Stefano"]
[Result "1/2-1/2"]
[WhiteElo "2320"]
[BlackElo "2395"]
[PlyCount "38"]
[EventDate "1989.04.01"]

1. d4 Nf6 2. Nf3 e6 3. c4 c5 4. Nc3 d5 5. cxd5 Nxd5 6. e4 Nxc3 7. bxc3 cxd4 8.
cxd4 Bb4+ 9. Bd2 Bxd2+ 10. Qxd2 O-O 11. Bc4 Nc6 12. O-O b6 13. Rfd1 Bb7 14. Qf4
Rc8 15. d5 exd5 16. Bxd5 Qe7 17. Nh4 g6 18. Nf3 Kg7 19. Ng5 Rc7 1/2-1/2

[Event "XLIX C.to Italiano"]
[Site "Chianciano Terme ITA"]
[Date "1989.04.??"]
[Round "5"]
[White "Rossi, Carlo"]
[Black "Vezzosi, Paolo"]
[Result "1/2-1/2"]
[WhiteElo "2320"]
[BlackElo "2340"]
[PlyCount "95"]
[EventDate "1989.04.01"]

1. e4 e5 2. Nf3 Nc6 3. Bc4 Be7 4. d3 Nf6 5. c3 O-O 6. O-O d6 7. Bb3 Be6 8. Bc2
d5 9. Nbd2 a5 10. Re1 Nd7 11. exd5 Bxd5 12. Nc4 Bf6 13. Ne3 Be6 14. h3 Nc5 15.
Ng4 Bxg4 16. hxg4 g6 17. Be3 Qd5 18. Qe2 Rad8 19. Rad1 Rfe8 20. g5 Bg7 21. Qf1
Bf8 22. d4 exd4 23. cxd4 Ne4 24. Bb3 Qf5 25. d5 Nb4 26. Nd4 Qd7 27. Ne6 Rc8 28.
Nxf8 Rxf8 29. a3 Na6 30. Bc2 Rfe8 31. Rd4 Nd6 32. g4 Nc5 33. Qh3 Nce4 34. Red1
f6 35. gxf6 Nxf6 36. Rf4 Nfe4 37. Bd4 Re7 38. f3 Ng5 39. Qh4 Ngf7 40. Qh3 Ne5
41. Qh4 Rce8 42. Rf6 Rf7 43. Kg2 Qe7 44. g5 Rxf6 45. gxf6 Nxf3 46. Qh6 Nh4+ 47.
Qxh4 Qe2+ 48. Qf2 1/2-1/2

[Event "XLIX C.to Italiano"]
[Site "Chianciano Terme ITA"]
[Date "1989.04.??"]
[Round "5"]
[White "Vancini, Edoardo"]
[Black "Mantovani, Renzo"]
[Result "0-1"]
[WhiteElo "2245"]
[BlackElo "2370"]
[PlyCount "114"]
[EventDate "1989.04.01"]

1. e4 c5 2. c3 d5 3. exd5 Qxd5 4. d4 Nf6 5. Nf3 Nc6 6. Be3 cxd4 7. cxd4 e6 8.
Nc3 Qd6 9. a3 Be7 10. Bd3 O-O 11. O-O Rd8 12. Qe2 b6 13. Rad1 Bb7 14. Rfe1 Rac8
15. Bb1 Qb8 16. Ba2 Na5 17. Bg5 Bxf3 18. Qxf3 Nc4 19. Ne4 Nxe4 20. Bxe7 Re8 21.
Qxe4 Rxe7 22. d5 b5 23. Qh4 Qd6 24. Qg4 Rd8 25. Bxc4 bxc4 26. Qxc4 exd5 27.
Rxe7 Qxe7 28. Qd4 h6 29. g3 Qb7 30. b4 Qa6 31. Rd3 Qb5 32. h4 a5 33. bxa5 Qxa5
34. Qb4 Qa6 35. Rd1 Qa7 36. Rd4 Rb8 37. Qd2 Rb3 38. Kh2 Rxa3 39. Kg2 Ra2 40.
Qe3 Qa8 41. Qe5 Ra5 42. h5 Qc8 43. Rb4 Qe6 44. Rb8+ Kh7 45. Qxe6 fxe6 46. Re8
Ra6 47. Kf3 g5 48. hxg6+ Kxg6 49. Kf4 Ra4+ 50. Ke3 Re4+ 51. Kd3 Re1 52. Kd4 h5
53. f4 h4 54. gxh4 Kf7 55. Rh8 Re4+ 56. Kd3 Rxf4 57. Ke3 Re4+ 0-1

[Event "XLIX C.to Italiano"]
[Site "Chianciano Terme ITA"]
[Date "1989.04.??"]
[Round "5"]
[White "Vallifuoco, Giacomo"]
[Black "Belotti, Bruno"]
[Result "1/2-1/2"]
[WhiteElo "2345"]
[BlackElo "2350"]
[PlyCount "37"]
[EventDate "1989.04.01"]

1. Nf3 g6 2. e4 Bg7 3. d4 d6 4. c3 Nf6 5. Qc2 O-O 6. Be2 c5 7. dxc5 dxc5 8. O-O
Qc7 9. Bg5 Nc6 10. Nbd2 b6 11. Rfe1 Bb7 12. Bf1 h6 13. Bh4 Nh5 14. Nc4 g5 15.
Bg3 Nxg3 16. hxg3 Ne5 17. Nfxe5 Bxe5 18. a4 Bc6 19. Qe2 1/2-1/2

[Event "XLIX C.to Italiano"]
[Site "Chianciano Terme ITA"]
[Date "1989.04.??"]
[Round "6"]
[White "Bellia, Fabrizio"]
[Black "Vallifuoco, Giacomo"]
[Result "1/2-1/2"]
[WhiteElo "2255"]
[BlackElo "2345"]
[PlyCount "21"]
[EventDate "1989.04.01"]

1. e4 c5 2. Nf3 e6 3. d4 cxd4 4. Nxd4 Nf6 5. Nc3 d6 6. Be2 Be7 7. O-O a6 8. Be3
Nc6 9. f4 Qc7 10. Qe1 O-O 11. Qg3 1/2-1/2

[Event "XLIX C.to Italiano"]
[Site "Chianciano Terme ITA"]
[Date "1989.04.??"]
[Round "6"]
[White "Borgo, Giulio"]
[Black "Rossi, Carlo"]
[Result "1-0"]
[WhiteElo "2300"]
[BlackElo "2320"]
[PlyCount "83"]
[EventDate "1989.04.01"]

1. e4 g6 2. d4 c6 3. Nc3 d5 4. Nf3 Bg4 5. Be2 Bg7 6. exd5 cxd5 7. h3 Bxf3 8.
Bxf3 e6 9. Ne2 Nc6 10. c3 Nge7 11. Bg5 f6 12. Bf4 O-O 13. O-O e5 14. dxe5 fxe5
15. Bh2 Rxf3 16. gxf3 Qd7 17. Kg2 Rf8 18. Qd3 Nf5 19. Bg3 Qe6 20. Rad1 Nce7 21.
Rfe1 Qf6 22. Ng1 Qg5 23. Qd2 Nh4+ 24. Kh1 Qh5 25. Bxh4 Qxh4 26. Qe2 h5 27. Qf1
Kh7 28. c4 e4 29. cxd5 exf3 30. d6 Nc6 31. Rd3 Ne5 32. Rxe5 Bxe5 33. d7 Bc7 34.
Nxf3 Qe4 35. Qd1 Bb6 36. Kg1 Qf4 37. Kg2 Qf6 38. b3 g5 39. Rd6 Qf5 40. d8=Q
Rxd8 41. Rxd8 g4 42. Qd7+ 1-0